A source book in classical analysis /
Guardado en:
| Otros Autores: | |
|---|---|
| Formato: | Libro |
| Idioma: | English |
| Publicado: |
Cambridge, Mass. :
Harvard University Press,
1973.
|
| Series: | Source books in the history of the sciences
|
| Materias: | |
| Etiquetas: |
Agregar Etiqueta
Sin Etiquetas, Sea el primero en etiquetar este registro!
|
| LEADER | 01295cam a2200241 a 4500 | ||
|---|---|---|---|
| 001 | MAT.inmabb002995 | ||
| 008 | 731113s1973####mau######b####001#0#eng## | ||
| 005 | 20130218103858.0 | ||
| 245 | 0 | 2 | |a A source book in classical analysis / |c edited by Garrett Birkhoff ; with the assistance of Uta Merzbach. |
| 260 | |a Cambridge, Mass. : |b Harvard University Press, |c 1973. | ||
| 300 | |a xii, 470 p. ; |c 26 cm. | ||
| 440 | 0 | |a Source books in the history of the sciences | |
| 504 | |a Bibliografía: p. [466]-467. | ||
| 505 | 8 | |a Capítulos: 1. Foundations of real analysis -- 2. Foundations of complex analysis -- 3. Convergent expansions -- 4. Asymptotic expansions -- 5. Fourier series and integrals -- 6. Elliptic and Abelian integrals -- 7. Elliptic and automorphic functions -- 8-9. Ordinary differential equations -- 10. Partial differential equations -- 11. Calculus of variations -- 12. Wave equations and characteristics -- 13. Integral equations. | |
| 510 | 4 | |a MR, |c 57 #9395 | |
| 020 | |a 0674822455 | ||
| 700 | 1 | |a Birkhoff, Garrett, |d 1911-1996. |4 com | |
| 650 | 0 | |a Mathematical analysis. | |
| 650 | 0 | |a Mathematical analysis |x History |x Sources. | |
| 084 | |a 01A55 (01A05 26-03 30-03 34-03 35-03) |2 msc2000 | ||
| 010 | |a 72085144 | ||
| 040 | |a DLC |c DLC |d DLC | ||
| 859 | |h 01A55 |i So724 |p A-5691 |b BIB. MATEMATICA | ||
